Paris- Nono la Grinta - Statistiques

Statistiques générales
  • Ce quiz a été pris 247 fois
  • Le résultat moyen est 199 sur 471
Statistiques - réponses
Réponse % Correct
C'est
91%
c'est
91%
par
91%
j'ai
89%
la
88%
88%
La
88%
le
88%
Le
88%
de
87%
ville
86%
à
84%
A
84%
a
84%
ça
82%
les
82%
Les
82%
ma
78%
gros
76%
un
76%
Paris
74%
comme
73%
fin
71%
trop
68%
bientôt
66%
dans
64%
se
64%
assassin
63%
côtés
62%
magique
62%
bouge
61%
J'suis
61%
j'suis
61%
tous
61%
grosse
60%
j'aime
60%
braque
59%
pas
59%
Drill
58%
périph'
54%
périph
54%
que
53%
sur
53%
bécane
52%
Elle
50%
elle
50%
me
50%
On
50%
on
50%
est
45%
condés
43%
j'touche
42%
SACEM
41%
bu
40%
Il
40%
il
40%
j'le
40%
moment
40%
n'importe
40%
parle
40%
quel
40%
ta
40%
toute
40%
déf'
39%
une
39%
qui
38%
Tequila
38%
défoncé
37%
levée
37%
levee
37%
j'les
36%
sens
36%
tu
36%
Déboule
35%
mis
35%
voiles
35%
bavette
33%
des
32%
mon
32%
pour
32%
et
30%
sais
30%
photo
29%
villa
28%
fric
27%
frottee
27%
quand
27%
copine
26%
Mbappé
26%
son
26%
J'me
25%
Dégoûte
24%
demande
24%
en
24%
ils
24%
ou
24%
24%
balade
23%
mort
23%
casque
22%
crack
22%
du
22%
faut
22%
parisien
22%
aime
21%
l'oseille
21%
manières
21%
soit
21%
Arai
20%
avec
20%
boule
19%
eux
19%
faisait
19%
mes
19%
noir
19%
sont
19%
vente
19%
rappelle
18%
y
18%
précis
17%
pressés
17%
rue
17%
zone
17%
CD
16%
montants
16%
plus
16%
puis
16%
va
16%
m'faut
15%
viens
15%
au
14%
connais
14%
copilote
14%
ici
14%
ne
14%
triangle
14%
droguer
13%
maintenant
13%
mapessas
13%
posséde
13%
recompte
13%
crade
12%
j'étais
12%
calle
11%
daronne
11%
pensent
11%
procéder
11%
soir
11%
fans
10%
rapport
10%
si
10%
toi
10%
che-ri
9%
c'qu'il
9%
j'vends
9%
J'visse
9%
moi
9%
réputee
9%
sous
9%
flics
8%
l'bloc
8%
amitiés
7%
espérant
7%
froc
7%
j'vais
7%
pétard
7%
t'es
7%
t'filoche
7%
voulait
7%
chez
6%
croiser
6%
gâchées
6%
j'achète
6%
j'm'en
6%
j'visser
6%
Mais
6%
paresseux
6%
reste
6%
frappe
5%
Rotter'
5%
square
5%
chance
4%
dead
4%
fait
4%
J'fume
4%
mets
4%
parlent
4%
boire
3%
déter'
3%
enlever
3%
j'traîne
3%
lui
3%
raté
3%
venir
3%
ennemis?
2%
espoir
2%
être
2%
j'peux
2%
perdu
2%
pilon
2%
posséder
2%
crâne
1%
démonter
1%
d'erreurs
1%
j'perde
1%
Ramenez-les
1%
soirs
1%
tabasse
1%
beignoir
0%
hoto
0%
pénoir
0%
tit-pe
0%
Aucun quiz correspondant
Distribution des résultats
% des personnes avec chaque résultat
Percentile par nombre de réponses
Votre historique - résultats
Vous n’avez pas pris ce quiz